000 01874nam a2200373 c 4500
003 BLK
005 20240520101506.0
008 180408b bul|||||r ||||||| ||bul||
010 _aKNG00095791000
020 _a978-954-608-168-1
_bиздат.: Труд и право
040 _aBLK
041 _aBUL
_cBUL
080 _aСемейно право. Наследствено право. - Семейство, женитба, брак, права и задължения на съпрузите, разторгване на брак и др.
_b347.6
_x(497.2)(094.9)
_z347.6(497.2)(094.9)
080 _aОсновни задачи на общественото управление
_b351
_x:347.6(497.2)(094.57.072)
_z351:347.6(497.2)(094.57.072)
700 1 _aЦанкова, Цанка Тодорова
_eкомент.
_9373560
139 _aКоментар на новия Семеен кодекс
_bК 80
245 1 0 _aКоментар на новия Семеен кодекс
_cкомент. Цанка Тодорова Цанкова.
257 _aBGR
260 София
_bТруд и право
_c2009
300 _a688 с.
_bс табл.
_c20 см
380 _a3
500 _aИзд. е съобразено с действащо законодателство към 20 ноем. 2009 г.
650 4 _aЛично и семейно право - България
_9260589
650 4 _aНаследствено право - България - законодателни и директивни материали
_9254028
653 _aСемеен кодекс
653 _aсемейно право
653 _aкоментари
852 _aЦб 247894
856 4 _qpdf
_u
856 4 _qpdf
_u
942 _cKNG
_n0
_05
944 _aCR
_c29.04.2010
_lЦветелина Шанова
_k30531
944 _aED
_c15.12.2012
_lф /
_k
999 _c91039
_d91039